Sea of Thieves Islands (Updated 2026!) - Statistics

General Stats
  • This quiz has been taken 1,336 times
    66 since last reset
  • The average score is 26 of 101
Answer Stats
% Correct
Outposts Plunder Outpost
76%
Outposts Port Merrick (Previously Golden Sands)
76%
Outposts Ancient Spire Outpost
71%
Outposts Galleon's Grave Outpost
71%
Outposts Sanctuary Outpost
67%
Small TAI Islands Chicken Isle
62%
Outposts Dagger Tooth Outpost
62%
Outposts Morrow's Peak Outpost
62%
The Ancient Isles Snake Island
62%
Shores O' Plenty Crescent Isle
57%
Shores O' Plenty Smugglers Bay
57%
Small TAI Islands Booty Isle
52%
Shores O' Plenty Cannon Cove
52%
The Wilds Kraken's Fall
52%
Skeleon Forts Fort of the Damned (Previously Old Boot Fort)
48%
Shores O' Plenty Mermaid's Hideaway
48%
Shores O' Plenty Lone Cove
43%
Skeleon Forts Lost Gold Fort
43%
The Wilds Marauder's Arch
43%
The Ancient Isles Plunder Valley
43%
The Ancient Isles Shark Bait Cove
43%
The Wilds Shipwreck Bay
43%
Uncharted/ Devils Shroud Islands The Reaper's Hideout
43%
The Ancient Isles Crook's Hollow
38%
The Devil's Roar Ashen Reaches
33%
Small TAI Islands Cutlass Cay
33%
The Devil's Roar Flintlock Peninsula
33%
Skeleon Forts Kraken Watchtower
33%
The Wilds Old Faithful Isle
33%
The Devil's Roar Ruby's Fall
33%
Small SOP Islands Sea Dogs Rest
33%
The Wilds The Crooked Masts
33%
The Devil's Roar The Devil's Thirst
33%
Shores O' Plenty Wanderer's Refuge
33%
The Ancient Isles Devil's Ridge
29%
The Devil's Roar Fetcher's Rest
29%
Skeleon Forts Keel Haul Fort
29%
Skeleon Forts Molten Sands Fortress
29%
Shores O' Plenty Sailors Bounty
29%
The Ancient Isles Thieves' Haven
29%
Uncharted/ Devils Shroud Islands Uncharted Island N-13
29%
Small TAI Islands Castaway Isle
24%
Small SOP Islands Rum Runner Isle
24%
Small SOP Islands Sandy Shallows
24%
Seaposts Stephen's Spoils
24%
The Wilds The Sunken Grove
24%
Small TAI Islands Barnacle Cay
19%
Small SOP Islands Boulder Cay
19%
Small TDR Islands Cinder Islet
19%
The Ancient Isles Discovery Ridge
19%
Small SOP Islands Lonely Isle
19%
Small SOP Islands Rapier Cay
19%
Skeleon Forts Skull Keep
19%
Uncharted/ Devils Shroud Islands Tribute Peak
19%
Uncharted/ Devils Shroud Islands Uncharted Island K-9
19%
Small TW Islands Black Sand Atoll
14%
Small TDR Islands Glowstone Cay
14%
Skeleon Forts Hidden Spring Keep
14%
Small TW Islands Isle of Last Words
14%
Small TAI Islands Lookout Point
14%
Small TAI Islands Old Salts Atoll
14%
Small TDR Islands Roaring Sands
14%
Sea Forts Royal Crest Fortress
14%
Skeleon Forts Sailors Knot Stronghold
14%
Small SOP Islands Salty Sands
14%
Skeleon Forts The Crow's Nest Fortress
14%
Seaposts The North Star Seapost
14%
Seaposts Three Paces East Seapost
14%
Sea Forts Traitor's Fate Fortress
14%
Small TW Islands Tri-Rock Isle
14%
Small SOP Islands Twin Groves
14%
Small TW Islands Black Water Enclave
10%
Small TDR Islands Cursewater Shores
10%
Small TDR Islands Flame's End
10%
Small TAI Islands Fools Lagoon
10%
Sea Forts Imperial Crown Fortress
10%
Small SOP Islands Lagoon of Whispers
10%
Small TAI Islands Mutineer Rock
10%
Small TAI Islands Paradise Spring
10%
Small SOP Islands Picaroon Palms
10%
Small TW Islands Scurvy Isley
10%
Skeleon Forts Shark Fin Camp
10%
Small TW Islands Shark Tooth Key
10%
Seaposts The Finest Trading Post
10%
Sea Forts Ancient Gold Fortress
5%
Small TW Islands Blind Man's Lagoon
5%
Seaposts Brian's Bazaar
5%
Small TDR Islands Brimstone Rock
5%
Small TW Islands Liar's Backbone
5%
Small TDR Islands Magma's TIde
5%
Sea Forts Mercy's End Fortress
5%
Sea Forts Old Brinestone Fortress
5%
Small TW Islands Plunderer's Plight
5%
Small TDR Islands Scorched Pass
5%
Small TW Islands Shiver Retreat
5%
Small TDR Islands The Forsaken Brink
5%
Seaposts The Spoils of Plenty Store
5%
Seaposts The Wild Treasures Store
5%
Uncharted/ Devils Shroud Islands Uncharted Island K-11
5%
Uncharted/ Devils Shroud Islands Old Sailor Isle
0%
Seaposts Roaring Thieves
0%
No matching quizzes found
Score Distribution
Percent of People with Each Score
Percentile by Number Answered
Your Score History
You have not taken this quiz since the last reset